000 00853 am a2200277 a 4500
001 6669605
003 CaOOAMICUS
005 20140310181807.0
008 061102s2008 nyua b 001 0 eng d
020 _a9780600618164
040 _aCaBPR
_beng
_cNjBwBT
050 1 4 _aAG 243
_b.As819 2009
082 0 4 _aREF 031.02
_bAs3 2009
100 1 _aAsh, Russell.
245 1 4 _aThe top 10 of everything 2010/
_cRussell Ash.
246 3 _aTop ten of everything 2009
260 _aNew York :
_bSterling Publishing Co.,
_c2009.
300 _a256 p. :
_bill. (some col.) ;
_c28 cm.
504 _aIncludes bibliographical references and index.
520 _a1. Curiosities and wonders--World record--Miscellanea.
562 _e1
650 0 _aCuriosities and wonders.
650 0 _aWorld records
_vMiscellanea.
942 _2lcc
_cBK
_kREF
999 _c3822
_d3822